| 000 | 01250cam a2200229 4500 | ||
|---|---|---|---|
| 001 | ##L134414 | ||
| 008 | 060803n2006 000 0 eng u | ||
| 035 | _a(Sirsi) u134414 | ||
| 041 | 0 | _aeng | |
| 050 | 0 | 4 | _a711.1 $2 18 |
| 110 | 1 |
_aUnited Kingdom _bDepartment for Communities and Local Government _94939 |
|
| 245 | 0 | 0 | _aValidation of planning applications |
| 260 |
_aLondon _bDCLG _c2006 |
||
| 520 | _aConsults on new proposals for changes to information required for a valid planning application linked to the Standard Application Form, building on the March 2005 consultations "Changes to the development control system: second consultation paper" and "Standard Application Form consultation". Responses are to be sent no later that 30 September 2006. | ||
| 590 | _aIKA010806 | ||
| 650 | 2 | 4 | _aTOWN AND COUNTRY PLANNING (GENERAL DEVELOPMENT PROCEDURE) ORDER 1995 |
| 650 | 2 | 4 | _aPLANNING (LISTED BUILDINGS AND CONSERVATION AREAS) REGULATIONS 1990 |
| 651 | 4 |
_aEngland _y886- |
|
| 690 | _aENVIRONMENTAL AND LAND CONSULTANCY-PLANNING AND DEVELOPMENT-DEVELOPMENT CONTROL-PLANNING APPLICATIONS | ||
| 856 | 4 | 0 |
_uhttps://www.communities.gov.uk/index.asp?id=1501848 _zView the consultation free of charge at www.communities.gov.uk... |
| 942 | _n0 | ||
| 999 |
_c105666 _d105666 |
||